Statistics for Most Popular Movies of All Time #1

Click here to take the quiz!

General Stats

  • This quiz has been taken 1,770 times
  • The average score is 17 of 20

Answer Stats

HintAnswer% Correct
An animated series by Pixar that shows what it's like to be a toyToy Story
98%
Movie series about a young wizard who attends school at HogwartsHarry Potter
97%
Movie about the sinking of a cruise liner hit by an icebergTitanic
97%
Disney animated movie about the rise in power of a young lionLion King
96%
Movie about a young girl who falls down a rabbit hole into a strange worldAlice in Wonderland
94%
Series about the struggle between the Jedi and the SithStar Wars
94%
Series about pirates centering around Captain Jack SparrowPirates of the Caribbean
92%
Movie about an alien who has come to earth trying to "phone home"E.T. the Extra-Terrestrial
91%
Movie about an amusement park of cloned dinosaursJurassic Park
91%
Series about Marvel's web-slinging superheroSpiderman
91%
Animated series about an ogre who goes on many adventures with his many fairytale friendsShrek
90%
Series about the romances between a teenage girl, a vampire, and a werewolfTwilight Saga
89%
Series based on the concept of destroying the One RingLord of the Rings
87%
Movie about the collaborating team of Marvel's greatest superheroesThe Avengers
87%
The movie about the struggle between humans and the Na'vi on the planet PandoraAvatar
83%
Series about the battling robots: The Decepticons and the AutobotsTransformers
78%
Batman movie following Batman Begins highlighting the creation of Two-FaceThe Dark Knight
73%
Series about the adventures of a treasure hunterIndiana Jones
70%
Movie about a corporate spy whose work consists of secretly extracting valuable commercial information from the unconscious minds of his targets while they dreamInception
58%
Comedy about a naive, slow-witted Alabamian experiencing the events in the late 20th centuryForrest Gump
52%

Score Distribution

Percentile by Number Answered

Percent of People with Each Score

Your Score History

You have not taken this quiz